000 00261nam a2200085Ia 4500
008 160609s9999 xx 000 0 und d
245 _aModel curricula for journalism education
260 _c2007
856 _uhttp://unesdoc.unesco.org/images/0015/001512/151209E.pdf
999 _c295701
_d295701